| 000 | 00449nam a2200145 i 4500 | ||
|---|---|---|---|
| 001 | 60444 | ||
| 003 | ES-MaACL | ||
| 007 | t| | ||
| 008 | 031104s1954 sp ||||1| spa d | ||
| 100 | 1 |
_aEscudero Montoya, Francisco J. _947707 |
|
| 245 | 1 | 0 |
_aElectroacústica aplicada / _cpor Francisco J. Escudero Montoya. |
| 260 |
_aMadrid : _bDossat, _c1954 ( _fTip. Artística) |
||
| 300 |
_aXIX, 862 p. : _bil. ; _c25 cm. |
||
| 852 |
_aES-MaACL _jC-5975 _bR.35705 |
||
| 999 |
_c60444 _d60444 |
||